000 00615cab a2200217 4500
001 ABS57532
008 090401t1997 xxu||||| |||| 00| 0 eng d
035 _a(Sirsi) u80451
041 _aeng
100 _aClark, G.B.
245 4 _aThe Property Midescriptions Act - the Scottish experience
260 _c1997
350 _a0
490 _aProperty Law
_v(28) August 1997, 3-4(2)
520 _aDiscusses the impact that the 1991 Act has had in Scotland.
650 _aPROPERTY MISDESCRIPTIONS ACT 1991
650 _aSCOTS LAW
690 _aPROPERTY LAW AND PRACTICE
942 _n0
948 _c22/08/1997
999 _c50660
_d50660